000 01283nam a2200385 a 4500
001 145658
003 FlNmELB
005 20241217182058.0
006 m o d |
007 cr cn|||||||||
008 201105r2010 sp |||||s|||||||||||spa d
020 _z9788484549208
035 _a(MiAaPQ)EBC3193613
035 _a(Au-PeEL)EBL3193613
035 _a(CaPaEBR)ebr10467166
035 _a(OCoLC)929271875
040 _aFlNmELB
_bspa
_cFlNmELB
050 4 _aQB981
_bT689 2010
080 _a524.8
082 0 4 _a523.1
_222
100 1 _aTorregrosa Lillo, Ángel.
245 1 0 _aRelatividad y Universo
_h[recurso electronico] :
_brelatividad y cosmología básicas /
_cÁngel Torregrosa Lillo.
260 _aAlicante :
_bEditorial Club Universitario,
_c[2010]
300 _a199 p.
533 _aRecurso electrónico. Santa Fe, Arg.: e-libro, 2015. Disponible vía World Wide Web. El acceso puede estar limitado para las bibliotecas afiliadas a e-libro.
650 0 _aCosmología.
650 0 _aRelatividad (Física)
650 0 _aCosmology.
650 0 _aRelativity (Physics)
653 _aCosmologia
653 _aFisica
655 4 _aLibros electrónicos.
710 2 _ae-libro, Corp.
856 4 0 _uhttps://elibro.net/ereader/politecnicointernacional/55068
999 _c145658
_d145658